Werbesprache in der Mitte Europas : Nationale Elemente in der Produktwerbung im Vergleich /

Main Author: Meier, Jörg, 1961-
Other Authors: Schuppener, Georg, 1968-
Language: German
Published: Ústí nad Labem : Jan Evangelista Purkyně University, Faculty of Philosophy ;Praesens Verlag, 2018
Series: Beiträge zur Fachdidaktik
Subjects:
Physical Description: 61 stran : ilustrace ; 19 cm
Book
Saved in:
LEADER 02271nam a2200601 i 4500
001 nkc20193086804
003 CZ PrNK
005 20200515131326.0
007 ta
008 190403s2018 xr a f 000 0 ger
015 |a cnb003086804 
020 |a 978-80-7561-160-4  |q (Univerzita J.E.Purkyně ;  |q brožováno) 
020 |a 978-3-7069-0936-5  |q (Praesens Verlag ;  |q brožováno) 
035 |a (OCoLC)1200247779 
040 |a BOA001  |b cze  |d ABA001  |e rda 
043 |a ec----- 
044 |a xr  |a au 
072 7 |a 811.112.2  |x Němčina  |2 Konspekt  |9 11 
080 |a 811.112.2  |2 MRF 
080 |a 81'24  |2 MRF 
080 |a 659.131.2  |2 MRF 
080 |a 81'2/'44  |2 MRF 
080 |a 81'27  |2 MRF 
080 |a (4-191.2)  |2 MRF 
080 |a (048.8)  |2 MRF 
100 1 |a Meier, Jörg,  |d 1961-  |7 mzk2008453128  |4 aut 
245 1 0 |a Werbesprache in der Mitte Europas :  |b Nationale Elemente in der Produktwerbung im Vergleich /  |c Jörg Meier & Georg Schuppener 
264 1 |a Ústí nad Labem :  |b Jan Evangelista Purkyně University, Faculty of Philosophy ;  |a Wien :  |b Praesens Verlag,  |c 2018 
300 |a 61 stran :  |b ilustrace ;  |c 19 cm 
336 |a text  |b txt  |2 rdacontent 
337 |a bez média  |b n  |2 rdamedia 
338 |a svazek  |b nc  |2 rdacarrier 
490 1 |a Beiträge zur Fachdidaktik ;  |v 2 
504 |a Obsahuje bibliografii 
650 0 7 |a němčina  |7 ph115512  |2 czenas 
650 0 7 |a jazyková výuka  |7 ph162894  |2 czenas 
650 0 7 |a reklamní texty  |7 ph116036  |z Evropa střední  |2 czenas 
650 0 7 |a reklamní texty  |7 ph116036  |x jazykové aspekty  |2 czenas 
650 0 7 |a sociolingvistika  |7 ph125749  |2 czenas 
650 0 9 |a German language  |2 eczenas 
650 0 9 |a language teaching and learning  |2 eczenas 
650 0 9 |a advertising copy  |z Europe, Central  |2 eczenas 
650 0 9 |a advertising copy  |x linguistics aspects  |2 eczenas 
650 0 9 |a sociolinguistics  |2 eczenas 
655 7 |a příručky  |7 fd133209  |2 czenas 
700 1 |a Schuppener, Georg,  |d 1968-  |7 mzk2005266606  |4 aut 
830 0 |a Beiträge zur Fachdidaktik 
910 2 |a BOA001  |b 1-1433.158 
928 9 |a Univerzita J.E. Purkyně, Filozofická fakulta 
990 |a BK 
995 |a 01 
991 |b 201911  |c NOV 
996 6 |b 2610793673  |c 1-1433.158  |l MZK  |r Sklad / do 1 hodiny  |n 0  |p dar  |w 001753101  |u 000010  |a 1  |e BOA001  |j MZK50  |s P